Organizational Behaviour:Emerging realities for the workplace revolution (Record no. 732)

MARC details
000 -LEADER
fixed length control field 00504nam a22001697a 4500
005 - DATE AND TIME OF LATEST TRANSACTION
control field 20180727125558.0
008 - FIXED-LENGTH DATA ELEMENTS--GENERAL INFORMATION
fixed length control field 160513b xxu||||| |||| 00| 0 eng d
020 ## - INTERNATIONAL STANDARD BOOK NUMBER
ISBN 0-07-058115-0
041 ## - LANGUAGE CODE
Language code of text/sound track or separate title eng
082 ## - DEWEY DECIMAL CLASSIFICATION NUMBER
Item number 1951
Classification number 658.3
100 ## - MAIN ENTRY--AUTHOR NAME
Personal name Mcshane ,Steven L. and Glinow, Mary Ann Von
245 ## - TITLE STATEMENT
Title Organizational Behaviour:Emerging realities for the workplace revolution
260 ## - PUBLICATION, DISTRIBUTION, ETC. (IMPRINT)
Place of publication New Delhi
Name of publisher Tata Mc Graw Hill Education P. Ltd.,
300 ## - PHYSICAL DESCRIPTION
Number of Pages 690p,
650 ## - SUBJECT ADDED ENTRY--TOPICAL TERM
Topical Term Management
942 ## - ADDED ENTRY ELEMENTS (KOHA)
Koha item type Books
Holdings
Lost status Damaged status Collection code Home library Current library Shelving location Date acquired Cost, normal purchase price Full call number Accession Number Koha item type
    Reference JRU Library   SHELF-61-A 13/05/2016 375.00 658.3 1951 Books
      JRU Library   SHELF-30-H 13/05/2016 375.00 658.3 1952 Books
    MANAGEMENT JRU Library JRU Library SHELF-64-B 13/05/2016 375.00 658.3 1953 Books
    MANAGEMENT JRU Library JRU Library SHELF-64-B 13/05/2016 375.00 658.3 1954 Books